000 00359nam a2200133Ia 4500
008 151001s9999||||xx |||||||||||||| ||und||
100 _aएन उन्नी
245 _aकबूतरों से भी खतरा है
250 _a1
260 _bमित्तल एंड सन्स
260 _c2010
300 _a136
365 _b21
999 _c999475
_d999472